| 000 | 00747nam a2200265Ia 4500 | ||
|---|---|---|---|
| 003 | OSt | ||
| 005 | 20220918163453.0 | ||
| 006 | a|||||r|||| 00| 0 | ||
| 007 | ta | ||
| 008 | 220917b |||||||| |||| 00| 0 eng d | ||
| 020 | _a0030524466 (hbk) | ||
| 024 | _a68,072 | ||
| 037 | _cTextual | ||
| 040 |
_aARTS _cARTS _beng |
||
| 041 |
_2eng _aeng |
||
| 082 | _aS:524, L9 | ||
| 100 |
_aFeshbach Saymour ed _913301 |
||
| 245 | 0 |
_aAggression and behaviour change _b Biological and social processes |
|
| 260 |
_aNew York _bPraeger pub _c1979 |
||
| 300 |
_axi, 299p. _ccm. |
||
| 650 | _aPSYCHOLOGY | ||
| 700 |
_a Fraczek Adam _913302 |
||
| 942 |
_hS:524, L9 _cTEXL _2CC |
||
| 999 |
_c119740 _d119740 |
||